MARC details
| 000 -CABECERA |
| campo de control de longitud fija |
01418nam a2200265 a 4500 |
| 001 - NÚMERO DE CONTROL |
| campo de control |
000025642 |
| 005 - FECHA Y HORA DE LA ÚLTIMA TRANSACCIÓN |
| campo de control |
20200930023934.0 |
| 008 - DATOS DE LONGITUD FIJA--INFORMACIÓN GENERAL |
| campo de control de longitud fija |
110218s1975 ag ad r 000 0 spa d |
| 040 ## - FUENTE DE LA CATALOGACIÓN |
| Centro catalogador/agencia de origen |
DO-SdBNP |
| Lengua de catalogación |
spa |
| Centro/agencia transcriptor |
BNPHU |
| 082 ## - NÚMERO DE LA CLASIFICACIÓN DECIMAL DEWEY |
| Número de clasificación |
xxxxx |
| Número de documento/Ítem |
B655e |
| 049 ## - FONDOS LOCALES (OCLC) |
| Fondos de biblioteca |
BNGR |
| 100 1# - ENTRADA PRINCIPAL--NOMBRE DE PERSONA |
| Nombre de persona |
Bloom, Benjamín S |
| 9 (RLIN) |
52060 |
| 245 10 - MENCIÓN DE TÍTULO |
| Título |
Evaluación del aprendizaje / |
| Mención de responsabilidad, etc. |
Benjamin Samuel Bloom ,J Thomas Hastings , George F Madaus ; traducción Antonio H. Soto , Enrique molina de Vedia. |
| 260 ## - PUBLICACIÓN, DISTRIBUCIÓN, ETC. |
| Lugar de publicación, distribución, etc. |
Buenos Aires : |
| Nombre del editor, distribuidor, etc. |
Troquel, |
| Fecha de publicación, distribución, etc. |
1975. |
| 300 ## - DESCRIPCIÓN FÍSICA |
| Extensión |
v. ; : |
| Otras características físicas |
il., diagrs. ; |
| Dimensiones |
22.5 cm. |
| 500 ## - NOTA GENERAL |
| Nota general |
Incluye referencias bibliográficas p. [316-319]. |
| 500 ## - NOTA GENERAL |
| Nota general |
Biblioteca posee v. 2 y 4 |
| 504 ## - NOTA DE BIBLIOGRAFÍA, ETC. |
| Nota de bibliografía, etc. |
Incluye referencias bibliográficas y notas al pie de las páginas. |
| 505 0# - NOTA DE CONTENIDO CON FORMATO |
| Información miscelánea |
v.2 |
| Título |
Educación preescolar I, |
| Mención de responsabilidad |
Constance K. Kamii. |
| Título |
Educación preescolar II, |
| Mención de responsabilidad |
Courtney B. Cazden. |
| Título |
Artes del lenguaje, |
| Mención de responsabilidad |
Walter J. Moore, |
| -- |
Larry D. Kennedy. |
| Título |
Estudios sociales de la escuela secundaria, |
| Mención de responsabilidad |
Lisanio R. Orlandi. |
| Información miscelánea |
v. 4 |
| Título |
Literatura, |
| Mención de responsabilidad |
Alan C. Purves. |
| Título |
Lengua escrita, |
| Mención de responsabilidad |
Joseph J. Foley. |
| Título |
Segunda lengua, |
| Mención de responsabilidad |
Rebeca M. Valette. |
| Título |
Educación industrial, |
| Mención de responsabilidad |
Thomas S. Baldwin |
| 534 ## - NOTA SOBRE LA VERSIÓN ORIGINAL |
| Frase introductoria |
Título original : |
| Mención de título del original |
Handbook on formative and summative evaluation of student learning. |
| 700 1# - PUNTO DE ACCESO ADICIONAL--NOMBRE DE PERSONA |
| Nombre de persona |
Hastings, J. Thomas |
| 9 (RLIN) |
52374 |
| 700 1# - PUNTO DE ACCESO ADICIONAL--NOMBRE DE PERSONA |
| Nombre de persona |
Madaus, George F. |
| 9 (RLIN) |
52375 |
| 700 1# - PUNTO DE ACCESO ADICIONAL--NOMBRE DE PERSONA |
| Nombre de persona |
Soto, Antonio H., |
| Término indicativo de función/relación |
tr. |
| 9 (RLIN) |
48442 |
| 700 1# - PUNTO DE ACCESO ADICIONAL--NOMBRE DE PERSONA |
| Nombre de persona |
Molina de Vedia, Enrique, |
| Término indicativo de función/relación |
tr. |
| 9 (RLIN) |
52376 |